| 000 | 00815nam a2200265 i 4500 | ||
|---|---|---|---|
| 001 | 133858 | ||
| 003 | ES-MaACL | ||
| 005 | 20240409175917.0 | ||
| 007 | t| | ||
| 008 | 070903s1982 sp ||||1| spa d | ||
| 020 | _a84-376-0346-3 | ||
| 080 | _a821.134.2"16" | ||
| 100 | 1 |
_aCervantes Saavedra, Miguel de, _d1547-1616 _9226514 |
|
| 245 | 1 | 0 |
_aEntremeses / _cMiguel de Cervantes ; edición de Nicholas Spadaccini. |
| 260 |
_aMadrid : _bCátedra, _c[1982] |
||
| 300 |
_a275 p. ; _c18 cm. |
||
| 490 | 1 |
_aLetras Hispánicas ; _v162 |
|
| 500 | _aBiblioteca Jacinto Martínez Lacalle. | ||
| 700 | 1 |
_aSpadaccini, Nicholas. _9107620 |
|
| 700 | 1 |
_aMorros, Bienvenido C. _983694 |
|
| 830 | 0 | 0 |
_aLetras hispánicas ; _v162 _9235703 |
| 852 |
_aES-MaACL _jE-12110 _bR.140007 |
||
| 942 | _2udc | ||
| 999 |
_c133858 _d133858 |
||